000 00638nam a2200253Ia 4500
003 OSt
005 20221007103937.0
006 a|||||r|||| 00| 0
007 ta
008 221006b |||||||| |||| 00| 0 eng d
024 _a14,458
037 _cTextual
040 _aLCO
_cLCO
_beng
041 _2eng
_aeng
082 _aZ2,94, J8
100 _aMonir M.
245 0 _aPrinciples and Digest of the Law of Evidence
250 _a4th
260 _aAllahabad
_bUniversity Book Agency India
_c1958
300 _a1063
650 _aEVIDENCE
942 _hZ2,94, J8
_cTEXL
999 _c1184021
_d1184021